The Just economy

Na minha lista:
Detalhes bibliográficos
Autor principal: Winfield, Richard Dien
Formato: Livro
Idioma:Undetermined
Publicado em: New York Routledge 1988
Assuntos:
Tags: Adicionar Tag
Sem tags, seja o primeiro a adicionar uma tag!
Thư viện lưu trữ: Trung tâm Học liệu Trường Đại học Cần Thơ
LEADER 00486nam a2200181Ia 4500
001 CTU_80450
008 210402s9999 xx 000 0 und d
082 |a 323.4 
082 |b W758 
100 |a Winfield, Richard Dien 
245 4 |a The Just economy 
245 0 |c Richard Dien Winfield 
260 |a New York 
260 |b Routledge 
260 |c 1988 
650 |a Distributive justice,Economics 
904 |i Trọng Hải 
980 |a Trung tâm Học liệu Trường Đại học Cần Thơ